000 01320nam a2200361Ia 4500
001 ebr10057225
003 CaPaEBR
006 m u
007 cr cn|||||||||
008 960424s1996 enka sb 001 0 eng d
010 _z 96021558
020 _z0203439066
020 _z0415142458 (hbk.)
020 _z0415142466 (pbk.)
040 _aCaPaEBR
_cCaPaEBR
035 _a(OCoLC)52162646
050 1 4 _aLB1027.23
_b.W67 1996eb
082 0 4 _a370.1523
_221
245 0 0 _aWorking with experience
_h[electronic resource] :
_banimating learning /
_cedited by David Boud and Nod Miller.
260 _aLondon ;
_aNew York :
_bRoutledge,
_c1996.
300 _ax, 217 p. :
_bill.
504 _aIncludes bibliographical references and index.
533 _aElectronic reproduction.
_bPalo Alto, Calif. :
_cebrary,
_d2009.
_nAvailable via World Wide Web.
_nAccess may be limited to ebrary affiliated libraries.
650 0 _aActive learning.
650 0 _aExperiential learning.
650 0 _aLearning, Psychology of.
650 0 _aAdult learning.
655 7 _aElectronic books.
_2local
700 1 _aBoud, David.
700 1 _aMiller, Nod.
710 2 _aebrary, Inc.
856 4 0 _uhttp://site.ebrary.com/lib/rucke/Doc?id=10057225
_zAn electronic book accessible through the World Wide Web; click to view
999 _c71461
_d71461